| Tag |
First Indicator |
Second Indicator |
Subfields |
| LEADER |
00000cgm a2200000 i 4500 |
| 001 |
in00005563607 |
| 006 |
m o c |
| 007 |
cr |n||||||||a |
| 007 |
vz |za|z| |
| 008 |
170209s2010 cau004 e o vleng d |
| 005 |
20241201231449.6 |
| 035 |
|
|
|a (OCoLC)ocn974330591
|
| 040 |
|
|
|a ALSTP
|b eng
|e rda
|e pn
|c ALSTP
|d OCLCO
|d OCLCF
|d OCLCQ
|d OCLCO
|d CAUOI
|d WYU
|d UPM
|d OCLCO
|d OCLCA
|d OCLCO
|d OCLCQ
|d NUI
|d OCLCO
|
| 019 |
|
|
|a 1430865461
|a 1444019541
|
| 035 |
|
|
|a (OCoLC)974330591
|z (OCoLC)1430865461
|z (OCoLC)1444019541
|
| 082 |
0 |
4 |
|a 616.99/5061
|q OCoLC
|2 23/eng/20230203
|
| 049 |
|
|
|a TXAM
|
| 245 |
0 |
0 |
|a Anti-infective medication therapy :
|b antitubercular agents.
|p Tuberculosis /
|c [produced by Medcom].
|
| 246 |
3 |
0 |
|a Tuberculosis
|
| 264 |
|
1 |
|a Cypress, CA :
|b Medcom,
|c 2010.
|
| 300 |
|
|
|a 1 online resource (4 min.)
|
| 306 |
|
|
|a 000424
|
| 336 |
|
|
|a two-dimensional moving image
|b tdi
|2 rdacontent
|
| 337 |
|
|
|a video
|b v
|2 rdamedia
|
| 337 |
|
|
|a computer
|b c
|2 rdamedia
|
| 338 |
|
|
|a other
|b vz
|2 rdacarrier
|
| 338 |
|
|
|a online resource
|b cr
|2 rdacarrier
|
| 347 |
|
|
|a data file
|2 rda
|
| 490 |
0 |
|
|a Academic Video Online
|
| 500 |
|
|
|a Title from resource description page (viewed February 09, 2017).
|
| 520 |
|
|
|a Since the advent of penicillin in the 1940s, medications have played an important role in the treatment of infectious diseases. Initially focused on the development and use of antibiotics to treat bacterial infections, in recent decades, the focus has broadened to include antifungal and antiviral agents. Because nurses are frequently called upon to administer anti-infective agents, this series was developed to provide the information they need to recognize the signs and symptoms of infection, the medications typically used in treatment and the associated precautions and side effects. This program provides nurses with a detailed look at antitubercular medications.
|
| 546 |
|
|
|a In English.
|
| 650 |
|
0 |
|a Tuberculosis
|x Treatment.
|
| 650 |
|
0 |
|a Tuberculosis
|x Nursing.
|
| 650 |
|
0 |
|a Tuberculosis
|x Patients.
|
| 650 |
|
6 |
|a Tuberculose
|x Traitement.
|
| 650 |
|
6 |
|a Tuberculose
|x Soins infirmiers.
|
| 650 |
|
6 |
|a Tuberculeux.
|
| 650 |
|
7 |
|a Tuberculosis
|x Nursing
|2 fast
|
| 650 |
|
7 |
|a Tuberculosis
|x Patients
|2 fast
|
| 650 |
|
7 |
|a Tuberculosis
|x Treatment
|2 fast
|
| 655 |
|
7 |
|a Film clips
|2 fast
|
| 655 |
|
7 |
|a Instructional films
|2 fast
|
| 655 |
|
7 |
|a Instructional films.
|2 lcgft
|
| 655 |
|
7 |
|a Film clips.
|2 lcgft
|
| 655 |
|
7 |
|a Films de formation.
|2 rvmgf
|
| 710 |
2 |
|
|a Medcom, inc.,
|e production company.
|
| 856 |
4 |
0 |
|u http://proxy.library.tamu.edu/login?url=https://www.aspresolver.com/aspresolver.asp?MARC;3370377
|z Connect to this streaming video (Alexander Street Press)
|t 0
|
| 955 |
|
|
|a Alexander Street Press subscription streaming video
|
| 994 |
|
|
|a 92
|b TXA
|
| 999 |
f |
f |
|s 84c24c2f-83b7-4407-a361-01901e355d2f
|i 2a1234e8-9d73-4fc5-8497-af365753848a
|t 0
|
| 952 |
f |
f |
|a Texas A&M University
|b College Station
|c Electronic Resources
|d Available Online
|t 0
|h Library of Congress classification
|
| 998 |
f |
f |
|t 0
|l Available Online
|